COMPLETE FOUNDATION GUIDE (Record no. 204420)

MARC details
000 -LEADER
fixed length control field 00594nam a22001817a 4500
005 - DATE AND TIME OF LATEST TRANSACTION
control field 20240725110434.0
010 ## - LCCN (DPL NO)
LC control number ENG-140971
020 ## - INTERNATIONAL STANDARD BOOK NUMBER
Terms of availability 230.00
International Standard Book Number 9788196563493
035 ## - SYSTEM CONTROL NUMBER
System control number EN-124503
037 ## - SOURCE OF ACQUISITION
Source of stock number/acquisition DBAD/PUB
082 ## - DEWEY DECIMAL CLASSIFICATION NUMBER
Classification number 332.1
100 ## - MAIN ENTRY--PERSONAL NAME
Personal name Kiranmayi ,Y.S And Devi Durga Uttam .A
245 ## - TITLE STATEMENT
Title COMPLETE FOUNDATION GUIDE
Remainder of title FOR IIT-JEE MATHEMATICS /
Statement of responsibility, etc SANJEEV VERMA
260 ## - PUBLICATION, DISTRIBUTION, ETC. (IMPRINT)
Place of publication, distribution, etc Uttar Pradesh
Name of publisher, distributor, etc EURASIA PUBLISING HOUSE
Date of publication, distribution, etc 2019
270 ## - ADDRESS
City Uttar Pradesh
Address D-92, Sector 2, Noida,Uttar Pradesh
Postal code 201301
300 ## - PHYSICAL DESCRIPTION
Extent 466vpp.
Dimensions 27(pb)
942 ## - ADDED ENTRY ELEMENTS (KOHA)
Source of classification or shelving scheme Dewey Decimal Classification
Item type English Books
Classification part 510
Call number suffix rma

No items available.


© Delhi Public Library
Hit Counter
free hit counter